[Event "VIE Cup"]
[Site "Bac Giang"]
[Date "2018.06.02"]
[Round "6"]
[White "Nguyen, Tuan Phuong"]
[Black "Pham, Minh Hieu1111"]
[Result "0-1"]
[WhiteElo "1869"]
[BlackElo "1212"]
[PlyCount "70"]
[EventDate "2018.05.30"]
[EventType "swiss"]
[EventRounds "9"]
[EventCountry "VIE"]
[SourceTitle "CBM 184 Extra"]
[Source "ChessBase"]
[SourceDate "2018.06.28"]
[SourceVersion "1"]
[SourceVersionDate "2018.06.28"]
[SourceQuality "1"]

1. e3 d5 2. d4 Bf5 3. Nf3 e6 4. Bd3 Bg6 5. Bxg6 hxg6 6. Ne5 c5 7. Qf3 Nf6 8. Nc3 Nbd7 9. 0-0 Bd6 10. h3 Nxe5 11. dxe5 Bxe5 12. Bd2 0-0 13. Rad1 Qb6 14. Na4 Qc6 15. Bc3 Bd6 16. b3 e5 17. Bb2 e4 18. Qe2 Be7 19. c4 dxc4 20. Qxc4 b5 21. Qc3 bxa4 22. bxa4 Qxa4 23. Qe5 Rfe8 24. Qc7 Rac8 25. Qb7 Rb8 26. Qc7 Rxb2 27. Rc1 Qd7 28. Qa5 Qb7 29. Qa4 Rd8 30. Qc4 Rdd2 31. a3 Nd5 32. Rfd1 Nb6 33. Qc3 Rxf2 34. Qa5 Rxg2+ 35. Kh1 Qc7 0-1

[Event "VIE Cup"]
[Site "Bac Giang"]
[Date "2018.06.02"]
[Round "5"]
[White "Pham, Anh Kien1111"]
[Black "Nguyen, Tuan Phuong"]
[Result "1-0"]
[WhiteElo "1329"]
[BlackElo "1869"]
[PlyCount "109"]
[EventDate "2018.05.30"]
[EventType "swiss"]
[EventRounds "9"]
[EventCountry "VIE"]
[SourceTitle "CBM 184 Extra"]
[Source "ChessBase"]
[SourceDate "2018.06.28"]
[SourceVersion "1"]
[SourceVersionDate "2018.06.28"]
[SourceQuality "1"]

1. d4 e6 2. Nf3 d5 3. e3 Nf6 4. Bd3 b6 5. Ne5 Ba6 6. c3 Bxd3 7. Qxd3 a6 8. Nd2 Bd6 9. f4 c5 10. 0-0 Nbd7 11. g4 Bxe5 12. fxe5 Nxg4 13. Qe2 Qg5 14. Nf3 Qg6 15. Qg2 0-0 16. Nh4 Qh5 17. Qg3 cxd4 18. exd4 b5 19. Ng2 Rac8 20. Nf4 Qxh2+ 21. Qxh2 Nxh2 22. Kxh2 a5 23. Nd3 f6 24. exf6 Nxf6 25. Nf4 Ne4 26. Be3 Rf6 27. Nd3 Rcf8 28. Rxf6 Rxf6 29. Nc5 Rf3 30. Re1 Nd6 31. Nxe6 Nc4 32. Bc1 Nxb2 33. Ng5 Rf2+ 34. Kg3 Nd3 35. Re8+ Rf8 36. Rxf8+ Kxf8 37. Bf4 h6 38. Ne6+ Kf7 39. Nc7 b4 40. Nxd5 bxc3 41. Nxc3 g5 42. Bc7 h5 43. Bxa5 Kg6 44. Bc7 Kf5 45. a4 h4+ 46. Kh3 Nf2+ 47. Kg2 Nd3 48. a5 Nb4 49. Bd6 Nc6 50. a6 Kg4 51. Bb8 h3+ 52. Kh1 Nxb8 53. a7 Nc6 54. a8Q Nxd4 55. Qe4+ 1-0